| 000 -LEADER |
| fixed length control field |
00500nam a2200193Ia 4500 |
| 003 - CONTROL NUMBER IDENTIFIER |
| control field |
OSt |
| 005 - DATE AND TIME OF LATEST TRANSACTION |
| control field |
20250603112701.0 |
| 008 - FIXED-LENGTH DATA ELEMENTS--GENERAL INFORMATION |
| fixed length control field |
250310s9999||||xx |||||||||||||| ||und|| |
| 040 ## - CATALOGING SOURCE |
| Transcribing agency |
. |
| 082 ## - DEWEY DECIMAL CLASSIFICATION NUMBER |
| Classification number |
623.87 |
| Item number |
S6421 |
| 100 ## - MAIN ENTRY--PERSONAL NAME |
| 9 (RLIN) |
1573 |
| Personal name |
Smith, David W. |
| 245 #0 - TITLE STATEMENT |
| Title |
Marine auxiliary machinery / |
| Statement of responsibility, etc. |
David W. Smith |
| 250 ## - EDITION STATEMENT |
| Edition statement |
6th ed. |
| 260 ## - PUBLICATION, DISTRIBUTION, ETC. |
| Place of publication, distribution, etc. |
London : |
| Name of publisher, distributor, etc. |
Butterworths, |
| Date of publication, distribution, etc. |
1983. |
| 300 ## - PHYSICAL DESCRIPTION |
| Extent |
ix, 477 p. |
| 490 ## - SERIES STATEMENT |
| Series statement |
Marine Engineering Series |
| 650 #0 - SUBJECT ADDED ENTRY--TOPICAL TERM |
| 9 (RLIN) |
198 |
| Topical term or geographic name entry element |
Marine Engines |
| 942 ## - ADDED ENTRY ELEMENTS (KOHA) |
| Koha item type |
Books |
| Source of classification or shelving scheme |
|